000 01126 a2200181 4500
003 Nust
005 20170207152507.0
020 _a0854047840
040 _cNust
082 _a621.367
100 _aDenton, M.B. (Ed.)
245 _aFurther developments in scientific optical imaging
_cDenton, M.B. (Ed.)
260 _aLondon
_bRoyal Society of Chemistry
_c2000c
300 _a207 p.
505 _aAdvancements In Small-Pixel, Video Rate, Backside-Illuminated Charge-Coupled Devices Page 1, New Developments In Three-Dimensional Imaging With Optical Microscopes Page 7, Megacam Page 11.Signal Processing For The SAO Megacam Page 18, Advances In Scientific-Quality Detectors At JPL Page 24, Integrating Elemental And Molecular Imaging Page 31, Ccds For The Instrumentation Of The Telescopio Nazionale Galileo Page 40Spectral Imaging With A Prism Based Spectrometer Page 53, Combining Linear And Neural Processing In Analytic Instruments Page 64, ICIMACS Page 80, Electro-Optical Characterizations Of The CID 17PPRA, CID 38SG Page 83,ROLIS Page 118.
538 _aAlmirah No.24 and Shelf No.3
650 _aTelecommunication Engineering.
942 _cREF
999 _c175597
_d175597